History Quiz

Random History or War Quiz

Civil War General or Avenger? Quiz Stats

 Plays Quiz Updated Feb 23, 2018

Challenge
Share
Tweet
Embed
Score 0/12 Timer 02:00
20 Plays Today
% Correct
???
82.9%
???
81.6%
???
79.5%
???
76.4%
???
74%
???
73.1%
???
73.1%
???
66.1%
???
57.2%
???
51.6%
???
45.8%
???
42.7%

You're not logged in!

Compare scores with friends on all Sporcle quizzes.
Join for Free
OR
Log In

You Might Also Like...

Show Comments

Extras

Top Quizzes Today


Score Distribution

Your Account Isn't Verified!

In order to create a playlist on Sporcle, you need to verify the email address you used during registration. Go to your Sporcle Settings to finish the process.

Report this User

Report this user for behavior that violates our Community Guidelines.

Details: